Rizal : (Record no. 364002)
[ view plain ]
| 000 -LEADER | |
|---|---|
| fixed length control field | 00455nam a2200121Ia 4500 |
| 008 - FIXED-LENGTH DATA ELEMENTS--GENERAL INFORMATION | |
| fixed length control field | 200902s9999 xx 000 0 und d |
| 020 ## - INTERNATIONAL STANDARD BOOK NUMBER | |
| International Standard Book Number | 978-621-406-164-8 |
| 100 ## - MAIN ENTRY--PERSONAL NAME | |
| Personal name | Francisco, Virlyn |
| 245 ## - TITLE STATEMENT | |
| Statement of responsibility, etc | Virlyn Francisco , Paul Micah Francisco.-- |
| Title | Rizal : |
| Remainder of title | A modular approach based on the new ched curriculum / |
| 260 ## - PUBLICATION, DISTRIBUTION, ETC. (IMPRINT) | |
| Place of publication, distribution, etc | Manila : |
| Name of publisher, distributor, etc | Mindshapers Co., Inc. |
| Date of publication, distribution, etc | 2018 |
| 300 ## - PHYSICAL DESCRIPTION | |
| Extent | x , 212 pages : |
| Other physical details | illustrations ; |
| Dimensions | 26 cm. |
| 650 ## - SUBJECT ADDED ENTRY--TOPICAL TERM | |
| Topical term or geographic name as entry element | Rizal, Jose P. (1861-1896) |
| Withdrawn status | Lost status | Damaged status | Home library | Current library | Shelving location | Date acquired | Source of acquisition | Total Checkouts | Full call number | Barcode | Date last seen | Date checked out | Price effective from | Koha item type |
|---|---|---|---|---|---|---|---|---|---|---|---|---|---|---|
| College Library | College Library | 09/02/2020 | 1 | DS 675.8 .F819 2018 | C22205 | 10/01/2024 | 09/23/2024 | 09/02/2020 | Books |